000 00543nam a2200217Ia 4500
003 OSt
005 20220924152633.0
006 a|||||r|||| 00| 0
007 ta
008 220923b |||||||| |||| 00| 0 mar d
024 _a343487
037 _cTextual
040 _aARTS
_cARTS
_bmar
041 _2mar
_amar
082 _aV235:1-8.L5, 155H6
245 0 _aPeshve daptrateel sandapatrateel mahiti
260 _c1946
650 _aSOCIOLOGY
942 _hV235:1-8.L5, 155H6
_cTEXL
_2CC
999 _c470507
_d470507